Top 10 Largest Islands in the World - Statistics

General Stats
  • This quiz has been taken 19 times
  • The average score is 8 of 10
Answer Stats
Hint Answer % Correct
2,166,086 km² Greenland
100%
587,041 km² Madagascar
100%
748,168 km² Borneo
88%
209,331 km² Great Britain
82%
225,800 km² Honshu
82%
785,753 km² New Guinea
76%
473,481 km² Sumatra
76%
507,451 km² Baffin Island
71%
196,236 km² Ellesmere Island
47%
217,291 km² Victoria Island
41%
No matching quizzes found
Score Distribution
Percent of People with Each Score
Percentile by Number Answered
Your Score History
You have not taken this quiz